<?xml version="1.0" encoding="UTF-8"?>
<record
    xmlns:xsi="http://www.w3.org/2001/XMLSchema-instance"
    xsi:schemaLocation="http://www.loc.gov/MARC21/slim http://www.loc.gov/standards/marcxml/schema/MARC21slim.xsd"
    xmlns="http://www.loc.gov/MARC21/slim">

  <leader>02309nam a2200229 a 4500</leader>
  <controlfield tag="001">000026289</controlfield>
  <controlfield tag="003">DO-SdBNP</controlfield>
  <controlfield tag="005">20230308115615.0</controlfield>
  <controlfield tag="007">ta</controlfield>
  <controlfield tag="008">110309s2005    dr            000 0 spa d</controlfield>
  <datafield tag="040" ind1=" " ind2=" ">
    <subfield code="a">DO-SdBNP</subfield>
    <subfield code="b">spa</subfield>
    <subfield code="c">BNPHU</subfield>
  </datafield>
  <datafield tag="049" ind1=" " ind2=" ">
    <subfield code="a">BNPD</subfield>
  </datafield>
  <datafield tag="245" ind1="0" ind2="0">
    <subfield code="a">Compendio de los principales documentos jur&#xED;dicos internacionales que garantizan los derechos fundamentales de las personas /</subfield>
    <subfield code="c">pr&#xF3;logo Manuel de Jes&#xFA;s P&#xE9;rez S&#xE1;nchez.</subfield>
  </datafield>
  <datafield tag="260" ind1=" " ind2=" ">
    <subfield code="a">Santo Domingo :</subfield>
    <subfield code="b">Uni&#xF3;n Europea,</subfield>
    <subfield code="c">2005.</subfield>
  </datafield>
  <datafield tag="300" ind1=" " ind2=" ">
    <subfield code="a">211 p. ;</subfield>
    <subfield code="c">24 cm.</subfield>
  </datafield>
  <datafield tag="505" ind1=" " ind2=" ">
    <subfield code="a">Presentaci&#xF3;n--</subfield>
    <subfield code="t">Pr&#xF3;logo --</subfield>
    <subfield code="t">Conjunto de principios para la protecci&#xF3;n de todas las personas sometidas a cualquier forma de detenci&#xF3;n o prisi&#xF3;n --</subfield>
    <subfield code="t">Convenci&#xF3;n contra la tortura y otros tratos o penas crueles, inhumanos o degradantes --</subfield>
    <subfield code="t">Declaraci&#xF3;n del Milenio --</subfield>
    <subfield code="t">Declaraci&#xF3;n sobre el derecho y el deber de los individuos, los grupos y las instituciones de promover y proteger los derechos humanos y las libertades fundamentales universalmente reconocidos --</subfield>
    <subfield code="t">Declaraci&#xF3;n sobre la protecci&#xF3;n de todas las personas contra la tortura y otros tratos o penas crueles, inhumanos o degradantes --</subfield>
    <subfield code="t">Declaraci&#xF3;n Universal de Derecho Humanos --</subfield>
    <subfield code="t">Conferencia mundial de derechos humanos, Viena, 14 a 25 de junio de 1993 Declaraci&#xF3;n y programas de acci&#xF3;n de Viena --</subfield>
    <subfield code="t">Pacto internacional de derechos civiles y pol&#xED;ticos --</subfield>
    <subfield code="t">Pacto internacional de derechos econ&#xF3;micos, sociales y culturales --</subfield>
    <subfield code="t">Principios b&#xE1;sicos para el tratamiento de los reclusos --</subfield>
    <subfield code="t">Protocolo adicional a la convenci&#xF3;n americana sobre derechos humanos en materia de derechos econ&#xF3;micos, sociales y culturales Protocolo de San Salvador --</subfield>
    <subfield code="t">Protocolo facultativo del pacto internacional de derechos civiles y pol&#xED;ticos --</subfield>
    <subfield code="t">Reglas m&#xED;nimas para el tratamiento de los reclusos --</subfield>
    <subfield code="t">Segundo protocolo facultativo del pacto internacional de derechos civiles y pol&#xED;ticos, destinado a abolir la pena de muerte --</subfield>
    <subfield code="t">Declaraci&#xF3;n sobre los principios fundamentales de justicia para las v&#xED;ctimas de delito y del abuso de poder.</subfield>
  </datafield>
  <datafield tag="590" ind1=" " ind2=" ">
    <subfield code="a">Inventariado, 2021 /LP</subfield>
  </datafield>
  <datafield tag="700" ind1="1" ind2=" ">
    <subfield code="a">P&#xE9;rez S&#xE1;nchez, Manuel de Jes&#xFA;s,</subfield>
    <subfield code="e">pr&#xF3;l.</subfield>
    <subfield code="9">14312</subfield>
  </datafield>
  <datafield tag="710" ind1="1" ind2=" ">
    <subfield code="a">Rep&#xFA;blica Dominicana.</subfield>
    <subfield code="b">Comisionado de Apoyo a la Reforma y Modernizaci&#xF3;n de la Justicia</subfield>
    <subfield code="9">17179</subfield>
  </datafield>
  <datafield tag="910" ind1=" " ind2=" ">
    <subfield code="a">Lop&#xE9;rez</subfield>
  </datafield>
  <datafield tag="942" ind1=" " ind2=" ">
    <subfield code="2">ddc</subfield>
    <subfield code="c">LBS1</subfield>
  </datafield>
  <datafield tag="952" ind1=" " ind2=" ">
    <subfield code="0">0</subfield>
    <subfield code="1">0</subfield>
    <subfield code="2">ddc</subfield>
    <subfield code="5">1</subfield>
    <subfield code="7">0</subfield>
    <subfield code="8">PD</subfield>
    <subfield code="a">BNPHU</subfield>
    <subfield code="b">PD</subfield>
    <subfield code="c">HD</subfield>
    <subfield code="d">2011-03-09</subfield>
    <subfield code="l">0</subfield>
    <subfield code="o"> </subfield>
    <subfield code="p">26289-10</subfield>
    <subfield code="r">2020-06-25</subfield>
    <subfield code="w">2020-06-25</subfield>
    <subfield code="y">LFPD</subfield>
  </datafield>
  <datafield tag="952" ind1=" " ind2=" ">
    <subfield code="0">0</subfield>
    <subfield code="1">0</subfield>
    <subfield code="2">ddc</subfield>
    <subfield code="5">1</subfield>
    <subfield code="7">0</subfield>
    <subfield code="8">PD</subfield>
    <subfield code="a">BNPHU</subfield>
    <subfield code="b">PD</subfield>
    <subfield code="c">HD</subfield>
    <subfield code="d">2020-11-23</subfield>
    <subfield code="e">ODECOPLIN</subfield>
    <subfield code="l">0</subfield>
    <subfield code="p">2021-27322</subfield>
    <subfield code="r">2020-11-23</subfield>
    <subfield code="t">e. 2</subfield>
    <subfield code="w">2020-11-23</subfield>
    <subfield code="y">LFPD</subfield>
  </datafield>
  <datafield tag="999" ind1=" " ind2=" ">
    <subfield code="c">25781</subfield>
    <subfield code="d">25781</subfield>
  </datafield>
</record>
